000 00512 a2200205 4500
005 20250321160318.0
008 250320b |||||||| |||| 00| 0 eng d
020 _a9789390012367
_cRs. 1895.00
040 _aMAIN
082 _a611.01816
_bS64H
100 _aSingh, Ranjeet Kumar
245 _aHuman molecular genetics
260 _bAmiga Press
_c2021
_aDelhi
300 _aviii, 221
650 _aHuman Molecular
650 _aGenetics
650 _aMolecular Genetics
650 _aDNA
942 _cBK
999 _c361512
_d361512